[Event "Biel MTO op"]
[Site "Biel"]
[Date "2003.07.27"]
[Round "6"]
[White "Avrukh, Boris"]
[Black "Arizmendi Martinez, Julen Luis"]
[Result "1-0"]
[WhiteElo "2557"]
[BlackElo "2521"]
[Annotator "Avrukh,B"]
[PlyCount "77"]
[EventDate "2003.07.19"]
[EventType "swiss"]
[EventRounds "11"]
[EventCountry "SUI"]
[SourceTitle "CBM 095 Extra"]
[Source "ChessBase"]
[SourceDate "2003.09.04"]
[SourceVersion "1"]
[SourceVersionDate "2003.09.04"]
[SourceQuality "1"]

1. d4 Nf6 2. c4 g6 3. Nf3 Bg7 4. g3 O-O 5. Bg2 d6 6. Nc3 Nbd7 7. O-O e5 8. e4
exd4 9. Nxd4 Re8 10. h3 a6 11. Be3 Rb8 12. b3 $1 Nc5 ({Recently} 12... c5 13.
Nde2 b5 {was black's main option in this line, but white clearly proved in
Nielsen-Arizmendi (2003 Istanbul European Championship) game, that black has
serious problems there.}) 13. Qc2 Bd7 $5 $146 (13... Qe7 14. Rfe1 $1 {[%cal
Ge1e7]} Nfxe4 (14... Bd7 15. Rad1 Nfxe4 $2 16. Nd5 Qd8 {[%csl Gc7]} 17. b4 Ba4
18. Nb3 $16 {1-0 Mittelman,G-Lederer,Y/Beersheba 1997/EXT 2003 (27)}) 15. Nxe4
Nxe4 16. Bxe4 Qxe4 17. Bd2 Qxe1+ 18. Rxe1 Rxe1+ 19. Bxe1 Bxd4 20. Qe4 $16 {
1-0 Ruck,R-Vajda,L/Gyula 2000/CBM 76 (32)}) 14. b4 (14. a4 Qe7 15. Rfe1 Nfxe4
16. Nd5 Qd8 17. b4 Ne6) 14... Ne6 15. Nb3 $1 $14 {Very strong idea, first of
all black's position is rather passive, and that's why I decided to avoid the
knight swap, secondly now I can comfortably to meet the b5 advance with c4-c5.}
Qc8 (15... b5 16. c5 $1 (16. cxb5 $143 axb5 17. f4 c5 $1 $132 18. bxc5 $140
Nxc5 19. Nxc5 dxc5 20. Bxc5 $2 b4 21. Ne2 Rc8 $17 {[%cal Gc8c2]}) 16... dxc5
17. Nxc5 (17. bxc5 b4 18. Ne2 (18. Nd5 Nxd5 19. exd5 Ng5 $1 $132 {[%cal Gd7f5]}
) 18... Bb5 19. Rad1 Qe7 20. Rfe1 $14) 17... Nxc5 18. Bxc5 Qc8 19. Kh2 (19. g4
$5) 19... Bc6 20. Rad1 (20. f4) 20... Nd7 21. Bd4 {and white keeps a clear edge
}) 16. Rad1 (16. Kh2 c5 17. b5 Nd4 $1 $132) 16... Nd8 {[%csl Gh3]} (16... c5
$143 17. bxc5 Nxc5 (17... dxc5 18. e5 Nh5 19. Nd5 $16 {[%cal Gd5b6,Gg3g4]}) 18.
Nxc5 dxc5 19. e5 $1 (19. Bf4 Ra8 20. g4 Bc6 21. Nd5 Nxd5 22. cxd5 Bd7 23. Rfe1
b5 24. e5 c4 $132) 19... Rxe5 (19... Bf5 20. Qc1) 20. Bf4 $16 Rh5 $140 21. g4
$1 {[%csl Rh5]}) 17. Kh2 (17. g4 $2 Nc6 18. a3 h5 $1 19. g5 $140 Bxh3 20. gxf6
Bxg2 21. Kxg2 Qg4+ 22. Kh2 Qh4+ $11) 17... Nc6 18. a3 (18. Nd5 $6 Nxd5 19. cxd5
Nxb4 20. Qd2 {[%csl Gb4]} c5 $1 (20... a5 $143 21. Nxa5 Na6 $14) 21. a3 $140 $2
(21. dxc6 $142 Nxc6 (21... bxc6 $5) 22. Qxd6 Be6 $13) 21... Ba4 22. Rb1 Nc2 $1
23. Qxc2 c4 $17) 18... Re5 $2 {[%cal Ge5h5] Right now black has a very passive
position and he is clearly searching for counterplay, but unfortunately, this
typical idea appears to be not so good, despite the fact that during the game
I completely overlooked 18..Re5} (18... Ne5 $142 19. Nd2 $1 (19. c5 Nc4 20. Bc1
b6 $1 $132) (19. Bd4 Nc6) 19... c5 20. b5 Be6 21. Qb3 $14) 19. g4 $1 (19. Bf4
$2 Rh5 20. h4 h6 $40 {[%cal Gg6g5]}) 19... Bxg4 {[%mdl 512]} (19... Re8 20. c5
$16 (20. Nd5 $5 $16)) 20. hxg4 Qxg4 ({White has nothing to worry about also
after:} 20... Nxg4+ 21. Kg1 Nxe3 22. fxe3 Rg5 23. Nd5 $16) 21. Rh1 $5 {
Absolutely a human decision (and probably the best one) to swap the rooks. Of
course my first intention was to play 21.Kg1, but somehow I was afraid, that
black will keep some initiative.} (21. Kg1 Rh5 (21... Qh4 22. Nd5) 22. Nd5 Qh4
(22... Ne5 {[%cal Ge5f3]} 23. f3 $8 Qg3 (23... Qh4 24. Rf2 $1) 24. Bf4 (24. Rf2
$140 $2 Nfg4 $3 25. fxg4 Nxg4 26. Bf4 Rh1+ 27. Kxh1 Nxf2+ 28. Kg1 Nh3+ $44)
24... Qh4 25. Qf2 $1 Nxd5 26. Bg3 $1 Qd8 27. cxd5 $18) 23. Rfe1 $1 (23. Nxf6+
$143 Bxf6 24. Rfe1 Bg5 $1 $44) 23... Ne5 (23... Ng4 24. Bf4 Be5 25. Qd2 $1) 24.
Nd2 Nfg4 $1 {and black keeps some annoying initiative}) 21... Rh5+ 22. Kg1
Rxh1+ 23. Kxh1 Ne5 (23... Qh4+ 24. Kg1 Ng4 25. Nd5 $16) 24. Qe2 $1 $16 (24. Nd2
$2 Qh4+ 25. Kg1 Nfg4 $13) (24. Nd5 Nxc4 {[%csl Gd1]} 25. Nxf6+ Bxf6 26. Bc1 b5
$44) 24... Qxe2 (24... Qh4+ 25. Kg1 Nfg4 26. Bf4) 25. Nxe2 Nxc4 26. Bc1 Re8 {
[%csl Ge4]} 27. Ng3 {Despite the fact, that black has 3 pawns for the piece,
white is much better he has a very clear plan of attacking black queenside
pawns, on the other hand black has no time to create something serious against
it.} b6 $2 $138 (27... c6 28. Na5 (28. f3 $5) 28... Nxa5 29. bxa5 d5 30. exd5
Nxd5 31. Ne4) (27... b5 $142 28. f3 h5 29. Nf1 $1 $16 {[%cal Gf1e3]} (29. Bf1
h4)) 28. Kg1 (28. Bf1 $2 Nxe4 {[%csl Gf2]}) 28... a5 $2 {Simply a blunder in
timetrouble} (28... b5 $142 $16) 29. Bf1 Ne5 30. bxa5 bxa5 31. Nxa5 $18 {
Now the position is easily winning for white, since black cannot do anything
against advancing the a-pawn.} Nxe4 32. Nxe4 Nf3+ 33. Kg2 Nh4+ 34. Kh3 Rxe4 35.
Bd3 Ra4 (35... Rd4 36. Nc6 Ra4 37. Bb5 (37. Re1 $18) 37... Re4 38. a4 $18) 36.
Nc6 $1 Nf3 37. Bb5 Re4 (37... Ra8 38. a4) 38. a4 Bd4 $2 39. Kg3 $1 (39. Kg3 Nh4
40. Nxd4 Rxd4 41. Rxd4 Nf5+ 42. Kg2 Nxd4 43. Bd7 Nb3 {[%csl Ga5]} 44. Bg5 $1
Kf8 45. Bd8 Nc5 46. Bc6 Ne6 47. Bf6 $1 $18 {[%cal Ga4a5]}) 1-0

[Event "ISR-chT"]
[Site "Israel"]
[Date "2004.03.26"]
[Round "7"]
[White "Avrukh, Boris"]
[Black "Kantsler, Boris"]
[Result "1-0"]
[WhiteElo "2620"]
[BlackElo "2498"]
[Annotator "Avrukh,B"]
[PlyCount "97"]
[EventDate "2004.01.03"]
[EventType "team"]
[EventRounds "11"]
[EventCountry "ISR"]
[SourceTitle "CBM 101"]
[Source "ChessBase"]
[SourceDate "2004.07.27"]
[SourceVersion "1"]
[SourceVersionDate "2004.07.27"]
[SourceQuality "1"]

1. d4 d6 2. Nf3 g6 3. c4 Bg7 4. Nc3 Nf6 5. g3 O-O 6. Bg2 Nbd7 7. O-O e5 8. e4
exd4 9. Nxd4 Re8 10. h3 Nc5 11. Re1 Bd7 12. Rb1 (12. Bf4 {used to be a
principal line here, but recently Black has proved, that after} h6 13. Qc2
Nfxe4 $1 {he gets a reasonable play.}) 12... h6 13. Kh2 {I like this
prophylactic move,which prevents Black's dangerous idea: Qc8 (attacking
h3-pawn ) Kh2 Re5 following by Rh5 with interesting initiative.} Qc8 ({
Alternatively,} 13... a5 {leads to very complicated play.}) (13... Re5 14. f3
$1) 14. b4 Ne6 15. Nxe6 Bxe6 16. Nd5 Nd7 $6 $146 {A novelty, which fails to
impress, since Black's last move allows White to exchange dark-squared bishops.
} (16... Qd8 17. Bb2 c6 18. Nxf6+ (18. Ne3 a5 19. a3 {looks slightly better
for White.}) 18... Bxf6 19. Qc2 Bxb2 20. Rxb2 Qf6 $11 {0-1 Arsovic,G-Markovic,
M/Belgrade SCG 2003/The Week in Chess 466 (53)}) (16... c6 17. Ne3 ({The
critical line runs} 17. Nxf6+ Bxf6 18. Bxh6 (18. Qxd6 $143 Qd8 19. Qxd8 Raxd8
20. Bxh6 Bxc4 $44) 18... Bxc4 19. Qxd6 Be5 20. Qd2 {and Black still has a lot
of work to prove his compensation.}) 17... a5 18. b5 cxb5 19. Rxb5 Bxc4 20.
Nxc4 Qxc4 21. Qb3 Qxb3 22. axb3 a4 $1 $11 {1/2-1/2 Horvath,C-Kovalev,A/
Debrecen 1992/EU-chT (24)}) 17. Bb2 Bxb2 (17... c6 18. Bxg7 Kxg7 19. Ne3 {
[%csl Gd6]} Qc7 20. Qd4+ f6 21. Red1 $16) 18. Rxb2 Qd8 {Clearly intending to
transfer his queen to f6.} 19. f4 {Exactly the right moment to start an active
action, and quite important, that White's rook will join the attack via f2.} a5
(19... c6 20. Ne3 Nb6 21. Qc2 $1 (21. Qd4 c5 $1 $132) (21. Qd3 Qf6 22. Rf2 Rad8
$14) 21... Qf6 $140 $2 22. c5 $1 {winning material}) 20. b5 {Certainly, not
allowing any Black's counterplay along a-file.} a4 21. Ne3 {[%cal Gf4f5]} Qf6 {
[%csl Gb2]} (21... Nc5 22. Qd4 $1 {taking control over very important a1-h8
diagonal, and White has an obvious advantage.}) 22. Rf2 Nb6 23. f5 gxf5 (23...
Bxc4 24. Qc1 $1 ({Not so clear} 24. Ng4 Qg7 25. fxg6 fxg6 26. Nf6+ Kh8 27. Nxe8
Rxe8 $44) 24... Bxb5 25. Ng4 {[%csl Gh6]} Qd4 (25... Qg7 26. fxg6 fxg6 27.
Nxh6+ Kh8 28. Rf7 $18) 26. f6 $18) 24. exf5 Bd7 25. Rf4 {[%cal Gf4h4,Ge3g4]} ({
Of course I could have won b7-pawn after} 25. Bxb7 Rab8 26. Bg2 {but I felt ,
that I still have some time to strengthen my position.}) 25... Kf8 $1 {Good
defensive move.} (25... Qc3 26. Qh5 Qxe1 27. Qxh6 $18 {[%cal Gf4g4] wins on
the spot.}) 26. Bxb7 ({Now the problem, that} 26. Rh4 {is strongly met by} Qc3
$1 {after} 27. Qh5 (27. Qe2 $5) 27... Qxe1 28. Qxh6+ Ke7 {white has only draw}
29. Qg5+ f6 30. Re4+ Kd8 31. Qxf6+ Kc8 32. Rxe8+ Bxe8 33. Qe6+ Kd8 34. f6 Nc8
35. Bxb7 Qe2+ 36. Kh1 Qe1+ $11) 26... Rab8 27. Bg2 Qc3 28. Qh5 Qg7 (28... Qxe1
29. f6 $1) 29. Rg4 Qf6 30. Rh4 Qg5 31. Qxh6+ Qxh6 32. Rxh6 Kg8 $5 (32... Kg7
33. Rh4 Re5 34. Re4 Rbe8 35. Rxe5 Rxe5 36. Bf1 Bxf5 37. Nxf5+ Rxf5 38. Kg2 {
easily winning for White.}) 33. Rh4 Bxf5 34. Bc6 Re6 ({More stubborn was:} 
34... Bd7 35. Bf3 (35. Bxd7 $143 Nxd7 36. Kg2 Re6 37. Kf2 Rbe8 38. Rd4 Nc5 {
and Black has a serious counterplay.}) 35... Re5 36. Kg2 Rbe8 37. Kf2 {White
keeps his extra pawn .}) 35. Kg2 (35. Rd4 {[%csl Gd3]}) 35... Bg6 (35... Bd3
36. Kf2 Rf6+ 37. Bf3 {[%cal Gh4d4]} (37. Rf4 Rxf4+ 38. gxf4 Bxc4 (38... Nxc4
39. Nd5) 39. Nxc4 Nxc4 40. Re7 Na3) 37... Re8 38. Rd1 Be4 39. Rf4 Rxf4 40. gxf4
$18) 36. Kf2 {Now Black has no possibility to activate his second rook and
White easily converts his extra pawn into a full point.} a3 {[%cal Gb6a4]} 37.
Rd4 Kg7 {[%cal Gb6a4]} 38. Rc1 {[%csl Ga3][%cal Gc1c3]} Rh8 39. h4 Rf6+ 40. Kg2
Na4 {Black prevents Rc3-move, but decisevely weakens d5-square, anywhere
Black's position was obviously lost.} 41. Nd5 {[%csl Gc7]} Re6 42. Kf2 $1 {
[%csl Ge2]} (42. Nxc7 $143 Re2+ {[%cal Ge2a2]}) 42... Re4 43. Rd2 (43. Rd3 $5 {
[%csl Ga3]}) 43... Nb2 (43... Rc8 44. b6 $1 {[%csl Ga4]} Nxb6 45. Nxb6 cxb6 46.
Bxe4 Bxe4 47. Rxd6 $18) 44. Nxc7 Rxc4 45. Rxc4 Nxc4 46. Rd4 Nb2 47. Ne8+ $1 {
A nice final touch, now b-pawn is unstoppable.} Kf8 48. b6 Nd3+ 49. Rxd3 1-0

[Event "Olympiad-36"]
[Site "Mallorca"]
[Date "2004.10.19"]
[Round "5"]
[White "Navara, David"]
[Black "Kotronias, Vasilios"]
[Result "1-0"]
[WhiteElo "2620"]
[BlackElo "2599"]
[Annotator "Stohl,I"]
[PlyCount "113"]
[EventDate "2004.10.15"]
[EventType "team-swiss"]
[EventRounds "14"]
[EventCountry "ESP"]
[SourceTitle "CBM 104"]
[Source "ChessBase"]
[SourceDate "2005.01.27"]
[SourceVersion "1"]
[SourceVersionDate "2005.01.27"]
[SourceQuality "1"]
[WhiteTeam "Czech Republic"]
[BlackTeam "Greece"]
[WhiteTeamCountry "CZE"]
[BlackTeamCountry "GRE"]

1. d4 Nf6 2. Nf3 g6 3. c4 Bg7 4. Nc3 O-O 5. g3 d6 6. Bg2 Nbd7 7. O-O e5 8. e4
c6 9. b3 {White wants to avoid Kotronias's favourite line} (9. h3 Qb6) 9... Qb6
$5 {...but Black plays this move anyway. It's not easy to prove even a slight
edge after this active sortie.} 10. Bb2 {Since Bronstein's times White prefers
not to develop the B to b2, but other moves promise less:} (10. Rb1 Re8 $5 {
was tested by Kotronias and seems playable:} (10... exd4 11. Nxd4 Nxe4 (11...
Nc5 12. Nde2 $1 $14) 12. Nxe4 Bxd4 13. Bh6 $5 (13. Bb2 Bxb2 14. Rxb2 d5 15.
cxd5 cxd5 16. Qxd5 Nf6 17. Nxf6+ Qxf6 18. Rd2 a5 $1 19. Re1 a4 20. Qd4 Qxd4 21.
Rxd4 axb3 22. axb3 Be6 23. Bxb7 Rab8 24. Bd5 $11 {1/2,Nikolic,P-Kasparov,G/
EU-chT Debrecen/1992/}) 13... Bg7 $6 (13... Rd8 $142) 14. Bxg7 Kxg7 15. Qxd6 c5
16. Rbd1 Re8 17. Rfe1 $32 {+/-,Sergejev,R-Seeman,T/Tallinn/1999/}) 11. h3 (11.
d5 Nc5 12. Be3 cxd5 13. Nxd5 Qd8 14. Nxf6+ Bxf6 15. Qc2 b6 16. b4 Ne6 17. Rfd1
Qc7 18. Rd2 Bb7 19. h4 Rac8 20. Rc1 Qc6 21. Ne1 Rc7 22. f3 Rec8 23. Bf1 Qe8 24.
Qb3 Nd4 $36 {Weber,J-Clerides,P/EU-chT Plovdiv/2003/}) 11... exd4 12. Nxd4 Nc5
13. Re1 Bd7 14. Be3 Nfxe4 $1 15. Nxe4 Nxe4 16. Nb5 (16. Bxe4 c5 $1 $13) 16...
c5 17. b4 Bxb5 18. bxc5 dxc5 19. Rxb5 Qe6 20. Rxb7 Qxc4 21. Qb3 Qxb3 22. axb3
a5 23. Rc7 Rab8 24. Bxe4 Rxe4 {1/2,Bagaturov,G-Kotronias,V/Chania/2000/}) (10.
d5 Nc5 11. Be3 cxd5 12. Nxd5 Qd8 13. Nxf6+ Qxf6 14. Ne1 (14. Nd2 Ne6 15. Nb1
Nf4 16. Nc3 Nxg2 17. Kxg2 Bd7 18. Qd2 Qe6 19. Rad1 Qh3+ 20. Kg1 f5 21. Qxd6 Rf7
22. f3 f4 23. gxf4 Bg4 $1 $40 {Sowray,P-Kotronias,V/Edinburgh/2003/}) 14... b6
15. Nc2 Bb7 16. f3 Qe6 17. Nb4 f5 18. Nd5 Qf7 19. Rc1 Rae8 20. Rc2 Ne6 21. exf5
gxf5 22. f4 e4 23. g4 Nc5 24. gxf5 Qxf5 25. Nc7 Rd8 26. Rd2 Rd7 27. Nb5 Nd3 28.
Qc2 d5 $36 {1/2,Cvitan,O-Seeman,T/EU-chT Plovdiv/2003/}) (10. h3 exd4 11. Na4
Qa5 $5 (11... Qc7 12. Nxd4 Re8 13. Re1 a6 14. Nc3 Rb8 15. Bf4 Ne5 16. Rc1 b6
17. Be3 Bb7 18. f4 Ned7 19. Bf2 Rbd8 20. Re2 Qb8 21. Qc2 b5 22. Rce1 b4 23. Nd1
c5 24. Nf3 Qa8 25. Nd2 Re6 26. g4 Rde8 27. Qd3 h6 28. Bg3 g5 $132 {Sturua,
Z-Kotronias,V/Komotini op/1993/}) 12. Nxd4 Re8 13. Re1 Nxe4 14. Rxe4 Rxe4 15.
Bxe4 Qe5 16. Bd3 Nc5 $1 17. Be3 Nxd3 18. Qxd3 c5 $11) 10... exd4 (10... Re8 11.
Re1 exd4 $132 {is perhaps more accurate.}) 11. Na4 (11. Nxd4 $143 Nc5 12. h3 a5
13. Rb1 a4 14. Re1 axb3 15. axb3 Nfd7 16. Re3 Re8 17. Nce2 Ra2 18. Nc3 Ra8 19.
Nce2 Nf6 20. Nc3 Bd7 21. Kh2 h5 22. Re2 Re7 23. Kh1 $6 Rae8 24. f3 d5 $1 25.
cxd5 cxd5 26. exd5 Rxe2 27. Ndxe2 Bf5 28. Ra1 Nd3 {0-1,Valvo,M-Fishbein,A/New
York/1994/ is a model example of Black's <=>, which clearly shows, why the B
should be on the more active e3-square.}) 11... Qc7 ({The Q has nothing to do
on a5 now:} 11... Qa5 12. Qxd4 (12. Nxd4 Re8 13. Re1 Nc5 14. Bc3 Qc7 15. Nxc5
dxc5 16. Nc2 Nh5 17. Bxg7 Nxg7 18. Qd2 f5 19. Rad1 fxe4 20. Rxe4 Bf5 21. Rxe8+
Rxe8 22. Ne3 $14 {Kurajica,B-Prie,E/EU-chT Debrecen/1992/}) 12... Re8 13. Rfe1
Re6 14. Qd2 Qc7 15. Nd4 Re7 16. Rad1 a6 17. Nc3 Rb8 18. Ba3 c5 19. Nc2 b5 20.
Ne3 Re8 21. Bb2 Ne5 22. f4 Neg4 23. Ncd5 $16 {Tregubov,P-Kotronias,V/Gausdal/
1994/}) 12. Qxd4 (12. Nxd4 Re8 13. Re1 a6 14. Qc2 Rb8 15. Rad1 c5 16. Ne2 b5
17. Nac3 bxc4 18. bxc4 Ne5 19. Nf4 {Makarov,M-Zontakh,A/Arandjelovac/1993/} Qa5
$1 $36 {[%csl Rc4] ><c4}) 12... Re8 13. Rad1 Nb6 ({In a later round Kotronias
preferred a less ambitious alternative and in the end managed to hold an
unpleasant _|_ after} 13... Rxe4 14. Qxd6 Qxd6 15. Rxd6 Re7 16. Re1 Rxe1+ 17.
Nxe1 Ne8 18. Rd2 Bxb2 19. Nxb2 Kf8 20. Ned3 Nc7 21. Na4 Ne6 22. Nc3 Ke7 23. Re2
Kd8 24. Ne4 Kc7 25. f4 f5 26. Ng5 Ndf8 27. Nf7 Bd7 28. c5 b6 $14 {Bologan,
V-Kotronias,V/olm Calvia/2004/}) 14. Nc3 Bg4 (14... Nxe4 $4 15. Qxg7+ Kxg7 16.
Nd5+ $18) 15. h3 Bxf3 16. Bxf3 Qc8 {[%cal Rf6e4,Rc8h3] /\Ne4,Qh3} 17. Qxd6 $8
Qxh3 18. Qf4 $146 {[%mdl 8]} (18. Qc7 $6 Ng4 19. Bxg4 Qxg4 20. Qxb7 Qf3 21. c5
Re5 $1 22. Qxa8+ Nxa8 23. Rd8+ Bf8 24. Nd5 {Chiburdanidze,M-Kotronias,V/
Karditsa/1995/} Re6 $1 $19) 18... Nbd7 (18... Nh5 $1 19. Qg4 (19. Qe3 Nf6 $132)
19... Qxg4 20. Bxg4 Nf6 21. Bf3 Nfd7 $5 $11 {Navara} (21... Nxe4 22. Nxe4 Bxb2
23. Nd6 Re7 24. Nxb7 $1 $14)) 19. Ne2 {[%cal Rd1d7] /\Rd7!,Bg4} Qe6 20. Qc7
Rec8 21. Qd6 $14 {[%csl Gb2,Gf3][%mdl 4096] Now Black can't avoid the exchange
of Q, moreover he will not be able to activate his Bg7 on the long diagonal.
White with his ^^ will have a pleasant _|_.} (21. Qxb7 Nc5 22. Qb4 Nfxe4 $13)
21... Re8 22. Qxe6 Rxe6 23. Rfe1 {A useless move, more to the point was the
immediate} (23. Bg2 $142 {[%cal Yf2f3] /\f3}) 23... Re7 24. Bg2 Nf8 25. f3 Rd7
26. Bh3 Rdd8 27. e5 Ne8 28. f4 Nc7 $2 (28... Ne6 $142 $14 {[%cal Yg7f8,Yh7h5] /
\Bf8,h5}) 29. Ba3 {[%cal Ra3e7] /\Be7,<->d} f5 30. Bd6 Nce6 31. g4 $1 $36 {
White must hurry up to open the position before Black gets in h5.} fxg4 32.
Bxg4 Re8 33. Rf1 Bh6 (33... Rad8 $142 {[%cal Yd8d7,Yd7f7] /\Rd7-f7 was more
stubborn.}) 34. Rd3 Nd7 (34... Rad8 $142) 35. f5 $6 ({Navara's proposal} 35.
Bxe6+ $1 Rxe6 36. Nd4 Ree8 37. e6 Nf6 38. e7 $16 {[%cal Rf4f5] paralyzes Black,
f5 will once decide the issue.}) 35... gxf5 $2 (35... Ng5 $142 $1 36. fxg6 Nxe5
37. Bxe5 Rxe5 38. Rd7 $36) 36. Bh5 $1 {Now White wins material.} f4 (36... Rec8
$2 37. Rxf5 Ng7 38. Bf7+ Kh8 39. Rf2 $18 {[%csl Ge5][%cal Rf2h2,Rd3h3,Re5e8]
is hopeless, White either piles up on the <->h, or marches forward with his
o^e5.}) (36... Ng7 $5 37. Bxe8 Rxe8 38. Nd4 Nxe5 39. Rg3 Ng6 $16) 37. Bxe8 Rxe8
38. Nd4 $1 Ndc5 (38... Nxd4 $5 39. Rxd4 Nxe5 40. Bxe5 Rxe5 41. Rd7 $16) 39. Rh3
Nxd4 (39... Bg7 40. Nf5 $40) 40. Bxc5 Nf5 41. Rh5 Rxe5 42. Bd6 $1 Re6 43. Bxf4
Rg6+ 44. Kh2 Bxf4+ 45. Rxf4 Ne3 (45... Ng7 46. Re5 Ne6 {was more resilient,
but even here White gradually opens the position to penetrate with his R by
advancing the <<P.}) 46. Kh3 $18 {The rest is easy, Black's pieces have no
secure outposts.} Rd6 47. Rg5+ Rg6 48. Re5 Rh6+ 49. Rh4 $1 Rxh4+ 50. Kxh4 Nc2
51. Re7 b5 52. Rxa7 bxc4 53. bxc4 Kf8 54. Kg5 Ke8 55. Kf6 {The Ph7 won't run
away, White activates his K first.} Kd8 56. Ke5 Ne3 57. c5 1-0